000 00495 a2200121 4500
001 ART_56881
005 20260410161610.0
008 260409a
245 1 0 _aRT (FACPCE) 53. Normas de auditoría, revisión, otros encargos de aseguramiento, certificaciones, servicios relacionados e informes de cumplimiento. Quinta parte
100 1 _aOubiña, Gabriel H.
700 1 _aFaccendini, Yanina C.
773 0 _tProfesional & Empresaria
_g- Año XXIII, Nº 276 (sep. 2022)
_wREV70
999 _c10515
_d10515